Представление документа в формате RUSMARC

ПолеНазваниеЗначение
  Тип записи a
  Библиографический уровень m
001 Контрольный номер UONB/MAIN/f1ca51b7de9944f1af3f71438e4a3fc1
005 Дата корректировки 20260417164102.3
010 Индекс ISBN __
9 Тираж 1000 экз.
100 Данные общей обработки __
a Данные общей обработки 20260416d1967 u y0rusy0189## ca
101 Язык документа 0_
a Язык текста rus
102 Страна публикации __
a Страна публикации RU
105 Кодированные данные (монография) __
a Кодированные данные (монография) a z 001yy
200 Заглавие и сведения об ответственности 1_
a Заглавие Состав и свойства сахарного меда и методика выявления этого фальсификата
f Первые сведения об ответственности В. Г. Чудаков
203 Вид содержания и тип средства __
a Вид содержания Текст
b Характеристика содержания визуальный
c Тип средства непосредственный
210 Выходные данные 1_
a Место издания Москва
c Издательство Московский рабочий
d Дата издания 1967
215 Физическое описание __
a Объем 130 с.
c Иллюстрации/тип воспроизводства ил., граф., 1 л. табл.
d Формат 20 см
225 Серия 1_
a Серия Ученые записки Научно-исследовательского института пчеловодства
i Наименование части Вестник
h Номер части 16
320 Библиография __
a Библиография Библиогр.: с. 120-129
606 Тематические рубрики 0_
a Основная рубрика Мед сахарный
610 Ключевые слова 0_
a Ключевые слова пчеловодство; продукты пчеловодства; интенсификация пчеловодства; мед сахарный; фальсификация продукции
686 Индексы других классификаций __
a Классификационный индекс 46.91-6
2 Код системы rubbk
700 Автор _1
a Фамилия Чудаков
b Имя (инициалы) В. Г.
g Полное личное имя Валерий Георгиевич
712 Наименование организации (Вторичная ответственность) 02
a Организация/ юрисдикция Научно-исследовательский институт пчеловодства
4 Код отношения 570
801 Источник записи _0
a Страна RU
b Организация Ульяновская ОНБ
c Дата составления 20260417
g Правила каталогизации RCR
801 Источник записи _1
a Страна RU
b Организация Ульяновская ОНБ
c Дата составления 20260417
g Правила каталогизации RCR
901 Тип документа __
t Тип документа m
909 Создатель записи __
a Создатель записи Макушик
b Дата создания записи 20260417